000
00255nam a2200097Ia 4500
008
230508s2013 xx 000 0 und d
041
_a
eng
100
_a
DR.BANSAL R.K
245
_a
A TEXT BOOK OF STRENGTH OF MATERIALS
260
_b
LAXIMI PUBLICATIONS
_c
2013
999
_c
313257
_d
313257